000 00515nam a2200157Ia 4500
008 180921t xxu||||| ||||o00| 0 eng d
041 _aeng
080 _aVol.1 1707 - 1879
245 _aordinance : No.6 of 1888. An ordinance To Amend "The Joint Stock Companies ordinance,1861."
300 _ap.323-327, 23 cm
500 _a*Repealed By No.3 Of 1890,Itself Repealed By No.22 Of 1909.-Edd.
650 _aOrdinance
_aJoint Stock Companies
942 _cBK
999 _c49299
_d49299
003 LK-CoDNM
040 _aLK-CoDNM
_dLK-CoDNM
_eLK-CoDNM